LEADER 01124nam--2200397---450- 001 990001434090203316 005 20040218130053.0 035 $a000143409 035 $aUSA01000143409 035 $a(ALEPH)000143409USA01 035 $a000143409 100 $a20040218d1985----km-y0itay0103----ba 101 0 $aita 102 $aIT 105 $aa|||||||001yy 200 1 $a<> forma e decisione$estudi critici$fEmanuele Castrucci 210 $aMilano$cGiuffrè$d1985 215 $a209 p.$cill.$d20 cm 225 2 $aValori politici$v3 410 0$12001$aValori Politici$v3 454 1$12001 461 1$1001-------$12001 606 0 $aForma$xStudi 606 0 $aFilosofia della politica$xStudi 676 $a117 700 1$aCASTRUCCI,$bEmanuele$0148285 801 0$aIT$bsalbc$gISBD 912 $a990001434090203316 951 $aXV B coll.7/3$b18588 L.M.$cXV B coll. 959 $aBK 969 $aUMA 979 $aSIAV3$b10$c20040218$lUSA01$h1300 979 $aPATRY$b90$c20040406$lUSA01$h1741 979 $aCHIARA$b90$c20100311$lUSA01$h1130 996 $aForma e decisione$9931158 997 $aUNISA LEADER 01337nam a2200301 i 4500 001 991000733389707536 008 050104s2003 it 101 0 ita 020 $a8855527401 035 $ab13264692-39ule_inst 040 $aDip.to Studi Storici$bita 082 0 $a940.1 082 0 $a342 110 2 $aComitato italiano per gli studi e le edizioni delle fonti normative$0473138 245 10$aSignori, regimi signorili e statuti nel tardo Medioevo :$b7. convegno del Comitato delle fonti normative, Ferrara, 5-7 ottobre 2000 ;$ca cura di Ronaldo Dondarini, Gian Maria Varanini, Maria Venticelli 260 $aBologna :$bPatron,$c2003 300 $a417 p. ;$c24 cm 500 $aIn testa al front.: Comitato italiano per gli studi e le edizioni delle fonti normative, C.I.S.E.F.N. 650 4$aFonti documentarie$xStatuti$xCongressi$y 2000 650 4$aMedioevo$xStoria$xStatuti 700 1 $aDondarini, Ronaldo 700 1 $aVaranini, Gian Maria 700 1 $aVenticelli, Maria 907 $a.b13264692$b12-09-11$c04-01-05 912 $a991000733389707536 945 $aLE023 940.1 DON 1 1$g1$i2023000069127$lle023$o-$pE27.00$q-$rn$so $t0$u3$v0$w3$x0$y.i13978974$z04-01-05 996 $aSignori, regimi signorili e statuti nel tardo Medioevo$91106345 997 $aUNISALENTO 998 $ale023$b26-11-04$cm$da $e-$fita$git $h0$i0